Senegal, Upper Volta, and Ivory Coast, (Record no. 60746)

MARC details
000 -LEADER
fixed length control field 00891cam a22002651 4500
001 - CONTROL NUMBER
control field sa 64008204
003 - CONTROL NUMBER IDENTIFIER
control field DLC
005 - DATE AND TIME OF LATEST TRANSACTION
control field 20260227112053.0
008 - FIXED-LENGTH DATA ELEMENTS--GENERAL INFORMATION
fixed length control field 861121s1963 ii 000 0 eng
010 ## - LIBRARY OF CONGRESS CONTROL NUMBER
LC control number sa 64008204
025 ## - OVERSEAS ACQUISITION NUMBER
Overseas acquisition number PL480:I-E-3015
035 ## - SYSTEM CONTROL NUMBER
System control number (OCoLC)14813236
040 ## - CATALOGING SOURCE
Original cataloging agency DLC
Transcribing agency WaU
Modifying agency WaU
-- OCoLC
-- DLC
042 ## - AUTHENTICATION CODE
Authentication code premarc
050 00 - LIBRARY OF CONGRESS CALL NUMBER
Classification number HC547.S4
Item number I5
110 1# - MAIN ENTRY--CORPORATE NAME
Corporate name or jurisdiction name as entry element India.
Subordinate unit Directorate of Commercial Publicity.
245 10 - TITLE STATEMENT
Title Senegal, Upper Volta, and Ivory Coast,
Remainder of title a report on economic and commercial conditions.
260 ## - PUBLICATION, DISTRIBUTION, ETC.
Place of publication, distribution, etc. New Delhi
Date of publication, distribution, etc. [1963]
300 ## - PHYSICAL DESCRIPTION
Extent 41 p.
Dimensions 24 cm.
490 1# - SERIES STATEMENT
Series statement Its Economic and commercial reports
651 #0 - SUBJECT ADDED ENTRY--GEOGRAPHIC NAME
Geographic name Senegal
General subdivision Economic conditions.
651 #0 - SUBJECT ADDED ENTRY--GEOGRAPHIC NAME
Geographic name Burkina Faso
General subdivision Economic conditions.
651 #0 - SUBJECT ADDED ENTRY--GEOGRAPHIC NAME
Geographic name Côte d'Ivoire
General subdivision Economic conditions.
810 1# - SERIES ADDED ENTRY--CORPORATE NAME
Corporate name or jurisdiction name as entry element India.
Subordinate unit Directorate of Commercial Publicity.
Title of a work Economic and commercial reports.

No items available.

Powered by Koha